000 00758nam a2200205Ia 4500
005 20241216011312.0
008 190429s9999||||xx |||||||||||||| ||und||
082 _a553.19
_bF38
100 _aFERNANDEZ AYALA CARLOS ALFREDO
245 0 _aGEOLOGIA Y PROYECTO DE EXPLOTACION PARA LA VETA CAPRICHOSA EN EL FLANCO OESTE DEL ANTICLINAL HUARON DIVISION SUR SECCIONES 600. 500. 450. PARTE OESTE COMPAÑIA MINERA HUARON S. A. CERRO DE PASCO
250 _a0
260 _aCERRO DE PASCO-PERU
_bUNDAC
_c1995
300 _a81 pag.
_c30 cm.
341 _h0
490 _v0
_a0
505 _aGEOMORFOLOGIA/GEOGRAFIA/TOPOGRAFIA/YACIMIENTO/HIDROTERMALES
541 _aD
_bFERNANDEZ AYALA, CARLOS
_d18-Mar-03
_oSoles
650 _aIngenieria Geologica
942 _cTESIS
999 _c38183
_d38183